000 00317nam a22001337a 4500
008 170821b xxu||||| |||| 00| 0 eng d
020 _a9781559532259
041 _aeng
080 _a51
100 _a37
101 _aMAT
245 _aADVANCED ALGEBRA THROUGH DATA EXPLORATION
_cMURDOCK.J
942 _2udc
_cBK
999 _c24216
_d24216